| 000 | 00635nam a2200265Ia 4500 | ||
|---|---|---|---|
| 003 | OSt | ||
| 005 | 20220912151953.0 | ||
| 006 | a|||||r|||| 00| 0 | ||
| 007 | ta | ||
| 008 | 220909b |||||||| |||| 00| 0 eng d | ||
| 024 | _a62871 | ||
| 037 | _cTextbook | ||
| 040 |
_aCSL _beng _cCSL |
||
| 041 | _aeng | ||
| 082 | _aB7, J9;2 TB | ||
| 100 | _aSynge John L | ||
| 245 | 0 | _aPrinciples of mechanics | |
| 250 | _a3 | ||
| 260 | _c1959 | ||
| 300 |
_ap. _ccm. |
||
| 650 | _aMechanics | ||
| 700 | _a Griffith Byron A | ||
| 942 |
_hB7, J9;2 TB _cTB _2CC |
||
| 999 |
_c78534 _d78534 |
||